Toutes les communes du Val de Marne avec une carte - Statistiques

Statistiques générales
  • Ce quiz a été pris 1 235 fois
  • Le résultat moyen est 28 sur 47
Réponses sur la Carte
Les réponses sont colorées sur une échelle allant du rouge au vert en fonction du pourcentage des utilisateurs qui les ont devinées à leur premier essai. Vous pouvez retrouver ces pourcentages ci-dessous.
 
Statistiques - réponses
Réponse % Correct
Créteil
93%
Vitry-sur-Seine
86%
Ivry-sur-Seine
85%
Vincennes
83%
Champigny-sur-Marne
79%
Orly
79%
Villejuif
77%
Maisons-Alfort
76%
Alfortville
75%
Saint-Maur-des-Fossés
75%
Le Kremlin-Bicêtre
70%
Charenton-le-Pont
68%
Fontenay-sous-Bois
68%
Nogent-sur-Marne
68%
Saint-Mandé
68%
Cachan
67%
Choisy-le-Roi
66%
Joinville-le-Pont
66%
Villeneuve-Saint-Georges
66%
Arcueil
65%
Thiais
64%
L'Haÿ-les-Roses
63%
Bonneuil-sur-Marne
62%
Rungis
61%
Saint-Maurice
60%
Boissy-Saint-Léger
59%
Fresnes
59%
Gentilly
59%
Sucy-en-Brie
58%
Bry-sur-Marne
56%
Valenton
53%
Villiers-sur-Marne
53%
Villeneuve-le-Roi
52%
Chevilly-Larue
51%
Le Perreux-sur-Marne
51%
Ablon-sur-Seine
47%
Chennevières-sur-Marne
45%
Limeil-Brévannes
44%
Ormesson-sur-Marne
44%
La Queue-en-Brie
43%
Le Plessis-Trévise
42%
Villecresnes
37%
Santeny
34%
Noiseau
31%
Mandres-les-Roses
30%
Marolles-en-Brie
28%
Périgny
26%
Aucun quiz correspondant
Distribution des résultats
% des personnes avec chaque résultat
Percentile par nombre de réponses
Votre historique - résultats
Vous n’avez pas pris ce quiz